| 000 | 00930cad a22002055a 4500 | ||
|---|---|---|---|
| 001 | L157092 | ||
| 008 | 120829s2012 xxk f 000 0 eng d | ||
| 035 | _a(Sirsi) u157092 | ||
| 041 | 0 | _aeng | |
| 110 | 2 |
_aUnited Kingdom _bDepartment for Communities and Local Government _94939 |
|
| 245 | 0 | 0 |
_aFeed-in tariffs _bfrequently asked questions _h[electronic resource] |
| 260 |
_aLondon _bDCLG _c2012 |
||
| 520 | _aA list of frequently asked questions about feed-in tariffs (FITs). Includes information about changes to FITs in August and December 2012, provisions for community projects and energy efficiency requirements. | ||
| 590 | _aKA NTK | ||
| 651 | 4 |
_aUnited Kingdom _y |
|
| 690 |
_aEnergy _96237 |
||
| 690 |
_aSustainability _96271 |
||
| 856 | 4 | 0 |
_uhttps://www.decc.gov.uk/assets/decc/Consultations/fits-review/5902-feedin-tariffs--frequently-asked-questions.pdf _zView the item free of charge at www.decc.gov.uk |
| 942 | _n0 | ||
| 999 |
_c114590 _d114590 |
||